Anciens logos équipes de Ligue 1 - Statistiques

Statistiques générales
  • Ce quiz a été pris 2 472 fois
  • Le résultat moyen est 14 sur 24
Statistiques - réponses
Par images Réponse % Correct
Nice
99%
Nantes
98%
Marseille
97%
Auxerre
92%
Angers
90%
Lorient
87%
Monaco
87%
Lens
84%
Lyon
84%
Rennes
74%
Ajaccio
72%
Lille
63%
Sochaux
60%
Bordeaux
59%
Paris
58%
Reims
46%
Le Havre
42%
Metz
37%
Caen
35%
Montpellier
28%
Strasbourg
23%
Toulouse
19%
Brest
10%
Clermont
9%
Aucun quiz correspondant
Distribution des résultats
% des personnes avec chaque résultat
Percentile par nombre de réponses
Votre historique - résultats
Vous n’avez pas pris ce quiz